[Event "Athens Siaperas Memorial 4th"]
[Site "Athens"]
[Date "2008.02.14"]
[Round "2"]
[White "Poulos, Georgios"]
[Black "Thrasivoulidis, Michail"]
[Result "1-0"]
[WhiteElo "2064"]
[BlackElo "1858"]
[PlyCount "49"]
[EventDate "2008.02.09"]
[EventType "swiss"]
[EventRounds "7"]
[EventCountry "GRE"]
[SourceTitle "EXT 2010"]
[Source "ChessBase"]
[SourceDate "2010.11.25"]
[SourceVersion "1"]
[SourceVersionDate "2010.11.25"]
[SourceQuality "1"]

1. e4 e6 2. d4 d5 3. Nc3 h6 4. e5 c5 5. dxc5 Nc6 6. Bb5 Bxc5 7. Qg4 Nge7 8. Nf3 Bd7 9. Qxg7 Rg8 10. Qxh6 Rxg2 11. Bg5 Ng8 12. Qg7 Nce7 13. Bxd7+ Qxd7 14. 0-0-0 0-0-0 15. Ne4 Nf5 16. Nxc5 Nxg7 17. Nxd7 Rxd7 18. Be3 Kb8 19. Rhg1 Rxg1 20. Rxg1 f6 21. Bc5 Rf7 22. exf6 Nxf6 23. Ne5 Rc7 24. Bd6 Nf5 25. Nd7+ 1-0

[Event "Ambelokipi op 84th"]
[Site "Athens"]
[Date "2008.01.16"]
[Round "2"]
[White "Zenelis, Konstantinos"]
[Black "Thrasivoulidis, Michail"]
[Result "1-0"]
[WhiteElo "2120"]
[BlackElo "1859"]
[PlyCount "57"]
[EventDate "2008.01.12"]
[EventType "swiss"]
[EventRounds "7"]
[EventCountry "GRE"]
[SourceTitle "EXT 2010"]
[Source "ChessBase"]
[SourceDate "2010.11.25"]
[SourceVersion "1"]
[SourceVersionDate "2010.11.25"]
[SourceQuality "1"]

1. e4 e6 2. d4 d5 3. e5 c5 4. c3 Nc6 5. Nf3 Qb6 6. a3 a5 7. Bd3 cxd4 8. cxd4 Bd7 9. Bc2 Rc8 10. Nc3 f5 11. 0-0 Nge7 12. Re1 Ng6 13. Bxf5 Nd8 14. Bxg6+ hxg6 15. Qd3 Kf7 16. Ng5+ Kg8 17. Re3 Be7 18. Rg3 Be8 19. Rb1 Qc6 20. Rh3 Rxh3 21. Qxh3 Bxg5 22. Bxg5 Bf7 23. Qh4 Qd7 24. Rd1 b6 25. Rd3 Kf8 26. Rf3 Kg8 27. Be7 Nc6 28. Rh3 Be8 29. Qh8+ 1-0